000 00337nam a2200157Ia 4500
008 160316s9999 xxu||||| |||| 00| 0 eng d
082 _a323.400000
_bFRE-2
100 _aFreeden Michael
245 _aRights
250 _a
260 _a
_bOpen University Press
_c0
300 _a133p
_b
_c
365 _b
650 _a
700 _a
_a
999 _c15866
_d15866